书目信息 |
| 题名: |
伽利娜·乌斯特沃尔斯卡娅五部交响曲研究
|
|
| 作者: | 徐玲 著 | |
| 分册: | ||
| 出版信息: | 北京 中国商务出版社 2019.4 |
|
| 页数: | 229页 | |
| 开本: | 24cm | |
| 丛书名: | ||
| 单 册: | ||
| 中图分类: | J627.7 , J627 | |
| 科图分类: | ||
| 主题词: | 交响乐--音乐研究--俄罗斯--现代 | |
| 电子资源: | ||
| ISBN: | 978-7-5103-2675-2 | |
| 000 | 01052nam0 2200289 45 | |
| 001 | 490100 | |
| 005 | 20211020165205.09 | |
| 010 | @a978-7-5103-2675-2@dCNY48.00 | |
| 099 | @aCAL 012019081032 | |
| 100 | @a20190520d2019 ek y0chiy0110 ea | |
| 101 | 0 | @achi |
| 102 | @aCN@b110000 | |
| 105 | @aag a 000yy | |
| 106 | @ar | |
| 200 | 1 | @a伽利娜·乌斯特沃尔斯卡娅五部交响曲研究@AJia Li Na ·wu Si Te Wo Er Si Ka Ya Wu Bu Jiao Xiang Qu Yan Jiu@f徐玲著 |
| 205 | @a第2版 | |
| 210 | @a北京@c中国商务出版社@d2019.4 | |
| 215 | @a229页@c图@d24cm | |
| 320 | @a有书目 (第223-229页) | |
| 330 | @a本书首先对其五部交响乐形成的时代背景进行了分析, 并指出音乐艺术背景、文化和家庭背景对创作五部交响乐所带来的冲击和影响。 之后, 以其五部交响乐为例, 全面、 细致的分析了这五部作品的曲式结构、调式调性、节奏节拍、力度以及音色特点等。 | |
| 333 | @a交响乐研究者 | |
| 606 | 0 | @a交响乐@x音乐研究@y俄罗斯@z现代 |
| 690 | @aJ627.7@v5 | |
| 690 | @aJ627@v5 | |
| 701 | 0 | @a徐玲@AXu Ling@4著 |
| 801 | @aCN@b江苏凤凰@c20211018 | |
| 905 | @b1355626-9@dJ627.7@e581=2@f4 | |
| 伽利娜·乌斯特沃尔斯卡娅五部交响曲研究/徐玲著.-第2版.-北京:中国商务出版社,2019.4 |
| 229页:图;24cm |
| 使用对象:交响乐研究者 |
| ISBN 978-7-5103-2675-2:CNY48.00 |
| 本书首先对其五部交响乐形成的时代背景进行了分析, 并指出音乐艺术背景、文化和家庭背景对创作五部交响乐所带来的冲击和影响。 之后, 以其五部交响乐为例, 全面、 细致的分析了这五部作品的曲式结构、调式调性、节奏节拍、力度以及音色特点等。 |
| ● |
| 相关链接 |
|
|
|
|
正题名:伽利娜·乌斯特沃尔斯卡娅五部交响曲研究
索取号:J627.7/581=2
 
预约/预借
| 序号 | 登录号 | 条形码 | 馆藏地/架位号 | 状态 | 备注 |
| 1 | 1355626 | 213556267 | 第一样本阅览室/ [索取号:J627.7/581=2] | 在馆 | |
| 2 | 1355627 | 213556276 | 第一借阅区/ [索取号:J627.7/581=2] | 在馆 | |
| 3 | 1355628 | 213556285 | 第一借阅区/ [索取号:J627.7/581=2] | 在馆 | |
| 4 | 1355629 | 213556294 | 第一借阅区/ [索取号:J627.7/581=2] | 在馆 |